[Event "WYG18"]
[Site "Batumi GEO"]
[Date "2006.10.23"]
[Round "5"]
[White "Martirosyan,L"]
[Black "Jule,A"]
[Result "1-0"]
[WhiteElo "2111"]
[BlackElo "1852"]

1.d4 d5 2.c4 c6 3.Nf3 Nf6 4.Nc3 e6 5.e3 Nbd7 6.Qc2 dxc4 7.a4 c5 8.Bxc4 cxd4
9.exd4 Bb4 10.O-O O-O 11.Bg5 h6 12.Bh4 Be7 13.Rfe1 Re8 14.Rad1 Nb6 15.Ba2 Nbd5
16.Bb1 Nb4 17.Qe2 Bd7 18.Ne5 Rc8 19.Bg3 Nbd5 20.Nxd5 exd5 21.Nxd7 Qxd7 22.Qd3 Bb4
23.Rxe8+ Rxe8 24.Be5 Qc6 25.h3 Kf8 26.Qb3 Be7 27.Ba2 Rd8 28.Re1 Nd7 29.Bxg7+ Kxg7
30.Rxe7 Qf6 31.Re3 Rc8 32.Rg3+ Kh8 33.Qxb7 Rc1+ 34.Kh2 Nb6 35.Qb8+ Rc8 36.Qxa7 Rc1
37.a5 Nc8 38.Qd7 Nd6 39.Rf3 Qg6 40.Qe7 Nf5 41.Qe5+  1-0

[Event "14th Chigorin Mem"]
[Site "St-Petersburg RUS"]
[Date "2006.10.23"]
[Round "1"]
[White "Tihonov,J"]
[Black "Kaganskiy,G"]
[Result "1-0"]
[WhiteElo "2494"]
[BlackElo "2328"]

1.d4 d5 2.c4 c6 3.Nf3 Nf6 4.e3 e6 5.Nc3 Nbd7 6.Qc2 Bd6 7.g4 Nxg4 8.Rg1 f5
9.h3 Ngf6 10.Rxg7 Nf8 11.Rg2 Ng6 12.Bd2 Ne4 13.O-O-O Nh4 14.Nxh4 Qxh4 15.Be1 Nxc3
16.Bxc3 Bd7 17.Qa4 Rf8 18.cxd5 exd5 19.Bb4 Bxb4 20.Qxb4 O-O-O 21.Qc5 f4 22.e4 f3
23.Rg7 Qh6+ 24.Kb1 Qxg7 25.Qxa7 dxe4 26.Ba6 bxa6 27.d5 Bf5 28.Qxg7 e3+ 29.Ka1 Rg8
30.Qf6 exf2 31.Qxc6+ Kb8 32.Qb6+ Kc8 33.Rc1+ Kd7 34.Rc7+ Ke8 35.Qe3+  1-0

[Event "III Open"]
[Site "Calvia ESP"]
[Date "2006.10.24"]
[Round "5"]
[White "Suba,M"]
[Black "Gonzales,Jay"]
[Result "1/2-1/2"]
[WhiteElo "2535"]
[BlackElo "2418"]

1.Nf3 d5 2.c4 c6 3.e3 Nf6 4.Nc3 e6 5.d4 Nbd7 6.Be2 dxc4 7.a4 Bd6 8.Nd2 e5
9.Nxc4 Bc7 10.dxe5 Nxe5 11.Qxd8+ Kxd8 12.O-O Be6 13.Rd1+ Ke7 14.b3 Nxc4 15.bxc4 Rhd8
16.Ba3+ Ke8 17.Rab1 Rxd1+ 18.Nxd1 Rb8 19.Bc5 Bf5 20.Rb2 Be5 21.Bxa7 Ra8 22.Bd4 Bxd4
23.exd4 Rxa4 24.f3 Bc8 25.Kf2 Kd8 26.Nc3 Ra3 27.Ne4 Nxe4+ 28.fxe4 f6 29.c5 Kc7
30.Rc2 Be6 31.Bf3 Rd3 32.d5 cxd5 33.exd5 Bxd5 34.Ke2 Rd4 35.Ke3 Rc4 36.Rxc4 Bxc4
37.g3 Be6 38.Be4 h5 39.Kd4 Bd7  1/2-1/2

[Event "10th Essent Open"]
[Site "Hoogeveen NED"]
[Date "2006.10.24"]
[Round "5"]
[White "Doggers,P"]
[Black "Woudt,E"]
[Result "1/2-1/2"]
[WhiteElo "2252"]
[BlackElo "2072"]

1.d4 d5 2.c4 c6 3.Nc3 Nf6 4.e3 e6 5.Nf3 Nbd7 6.Bd3 dxc4 7.Bxc4 b5 8.Bd3 Bb7
9.e4 b4 10.Na4 c5 11.e5 Nd5 12.Nxc5 Nxc5 13.dxc5 Bxc5 14.O-O h6 15.Nd2 O-O
16.Ne4 Bd4 17.Nd6 Bc6 18.Bh7+ Kxh7 19.Qxd4 f6 20.Bd2 Qd7 21.Rac1 a5 22.Qd3+ f5
23.Rc5 Ne7 24.Rfc1 Ra7 25.Be3 Rfa8 26.Qe2 Ra6 27.h4 Qd8 28.Bg5 hxg5 29.Qh5+ Kg8
30.Qf7+ Kh7 31.Qh5+ Kg8 32.Qf7+ Kh7 33.hxg5 Ng6 34.Rxc6 Qxg5 35.Rc8 Rxc8
36.Rxc8 Rxd6 37.exd6 Qd2 38.g3 Qd1+ 39.Kg2 Nf4+ 40.gxf4 Qg4+  1/2-1/2

[Event "10th Essent Open"]
[Site "Hoogeveen NED"]
[Date "2006.10.24"]
[Round "5"]
[White "Ernst,S"]
[Black "Van Beek,Al"]
[Result "1-0"]
[WhiteElo "2512"]
[BlackElo "2379"]

1.Nf3 d5 2.c4 c6 3.e3 Nf6 4.Nc3 e6 5.d4 Nbd7 6.Bd3 dxc4 7.Bxc4 b5 8.Bd3 Bb7
9.a3 b4 10.axb4 Bxb4 11.O-O c5 12.Na2 a5 13.Nxb4 axb4 14.Rxa8 Qxa8 15.dxc5 O-O
16.Be2 Qa5 17.Bd2 Nxc5 18.Nd4 Rd8 19.Qe1 Nd5 20.f3 e5 21.Nc2 Qa2 22.Nxb4 Qxb2
23.Nxd5 Rxd5 24.Bc3 Qc2 25.e4 Rd8 26.Bxe5 Nd3 27.Bxd3 Qc5+ 28.Kh1 Qxe5 29.Bc4 Bc8
30.Ba2 Be6 31.Bb1 Bc4 32.Rg1 Qd4 33.Qc1 g6 34.h3 Be6 35.Qg5 Kg7 36.Qg3 Rc8
37.e5 Qd7 38.Qf4 Kg8 39.Kh2 Rc6 40.Be4 Rc8 41.Rb1 Qe7 42.h4 h5 43.Kg3 Rc4
44.Qf6 Qxf6 45.exf6 Kh7 46.Rb5 Rc1 47.Rxh5+ Kg8 48.Re5 Re1 49.h5 Bf5 50.hxg6  1-0

[Event "14th Chigorin Mem"]
[Site "St-Petersburg RUS"]
[Date "2006.10.24"]
[Round "2"]
[White "Maiorov,N"]
[Black "Solovjova,V"]
[Result "1-0"]
[WhiteElo "2481"]
[BlackElo "2298"]

1.d4 d5 2.c4 c6 3.Nc3 Nf6 4.e3 e6 5.Nf3 Nbd7 6.Qc2 Bd6 7.b3 O-O 8.Be2 Qe7
9.O-O b6 10.cxd5 exd5 11.Bb2 Bb7 12.Bd3 Rfe8 13.Ne2 Rac8 14.Ng3 Bb8 15.Qe2 Ne4
16.Rac1 Nf8 17.Rc2 Nxg3 18.hxg3 Ng6 19.Rfc1 a5 20.Re1 a4 21.bxa4 Bd6 22.Rb1 Ra8
23.Bc3 c5 24.Rxb6 c4 25.Bxg6 hxg6 26.Rcb2 Ba6 27.Rb1 Bc7 28.R6b2 Qa3 29.Qd2 Qxa4
30.Rb4 Qc6 31.Ne5 Qd6 32.Ra4 f6 33.Nxg6 Qc6 34.Qc2 Kf7 35.Nf4 Rh8 36.Qg6+ Kg8
37.Rab4 Rh6 38.Qf5 Kf7 39.Qxd5+ Qxd5 40.Nxd5 Rah8 41.f4 Bd8 42.Kf2 Bc8 43.e4 Re8
44.Rb8 Bd7 45.R1b7  1-0

[Event "10th Essent Open"]
[Site "Hoogeveen NED"]
[Date "2006.10.25"]
[Round "6"]
[White "L'Ami,E"]
[Black "Smeets,J"]
[Result "1/2-1/2"]
[WhiteElo "2593"]
[BlackElo "2525"]

1.d4 d5 2.c4 c6 3.Nc3 e6 4.e3 Nf6 5.Nf3 Nbd7 6.Bd3 dxc4 7.Bxc4 b5 8.Bd3 Bb7
9.a3 b4 10.Ne4 bxa3 11.O-O Nxe4 12.Bxe4 Nf6 13.Bd3 axb2 14.Bxb2 Bb4 15.Ba6 Qb6
16.Qa4 Bxa6 17.Qxa6 O-O 18.Ne5 c5 19.Nd3 Rfb8 20.Qc4 Qb5 21.Rfc1 cxd4 22.Qxb5 Rxb5
23.Nxb4 Rxb4 24.Rxa7 Rbb8 25.Rxa8 Rxa8 26.Bxd4  1/2-1/2

[Event "14th Chigorin Mem"]
[Site "St-Petersburg RUS"]
[Date "2006.10.25"]
[Round "3"]
[White "Gasanov,E"]
[Black "Yevseev,D"]
[Result "1/2-1/2"]
[WhiteElo "2453"]
[BlackElo "2534"]

1.d4 d5 2.c4 c6 3.Nc3 Nf6 4.e3 e6 5.Nf3 Nbd7 6.Qc2 Bd6 7.g4 dxc4 8.Bxc4 e5
9.g5 Nd5 10.Bd2 O-O 11.Ne4 Bc7 12.O-O-O exd4 13.Nxd4 Ne5 14.Be2 Bb6 15.Be1 Qe7
16.Rg1 Kh8 17.Nc3 Bd7 18.Kb1 Rac8 19.Ka1 Qe8  1/2-1/2

[Event "14th Chigorin Mem B"]
[Site "St-Petersburg RUS"]
[Date "2006.10.25"]
[Round "3"]
[White "Milyaeva,N"]
[Black "Donskih,A"]
[Result "0-1"]
[WhiteElo "1964"]
[BlackElo "2091"]

1.d4 d5 2.Nf3 c6 3.c4 Nf6 4.Nc3 e6 5.e3 Nbd7 6.Bd3 dxc4 7.Bxc4 b5 8.Bb3 Bb7
9.O-O a6 10.Qe2 c5 11.Rd1 c4 12.Bc2 Nb6 13.e4 Qc7 14.Bg5 Be7 15.d5 O-O-O
16.dxe6 fxe6 17.Bh4 Nh5 18.Ng5 Bxg5 19.Bxg5 Rxd1+ 20.Rxd1 Nf6 21.e5 Nfd5
22.Qg4 Qf7 23.Ne4 Kb8 24.Nd6 Qd7 25.Be4 Bc6 26.Bf3 h6 27.Bd2 Qe7 28.Qd4 Rf8
29.Qxb6+ Nxb6 30.Bxc6 Nd5 31.Bb7 Qh4 32.Be1 Qh5 33.f3 Nf4 34.Bxa6 Qxe5 35.Bxb5 Qe2  0-1

[Event "14th Chigorin Mem"]
[Site "St-Petersburg RUS"]
[Date "2006.10.25"]
[Round "4"]
[White "Ushenina,A"]
[Black "Yagupov,I"]
[Result "1/2-1/2"]
[WhiteElo "2430"]
[BlackElo "2541"]

1.d4 d5 2.c4 c6 3.Nf3 Nf6 4.Nc3 e6 5.e3 Nbd7 6.Qc2 Bd6 7.Bd3 O-O 8.O-O dxc4
9.Bxc4 a6 10.Rd1 b5 11.Bf1 c5 12.dxc5 Bxc5 13.Ne4 Nxe4 14.Qxe4 Nf6 15.Rxd8 Nxe4
16.Rxf8+ Kxf8 17.Nd2 Bb7 18.Nxe4 Bxe4 19.Bd2 Ke7  1/2-1/2

[Event "14th Chigorin Mem B"]
[Site "St-Petersburg RUS"]
[Date "2006.10.25"]
[Round "4"]
[White "Fedoseev,S"]
[Black "Forsaa,E"]
[Result "1-0"]
[WhiteElo "2277"]
[BlackElo "2170"]

1.d4 d5 2.c4 c6 3.Nf3 Nf6 4.Nc3 e6 5.e3 Bd6 6.Bd3 dxc4 7.Bxc4 b5 8.Bd3 Nbd7
9.O-O O-O 10.Qc2 Bb7 11.h3 b4 12.Ne4 Nxe4 13.Bxe4 f5 14.Bd3 c5 15.e4 e5 16.dxe5 Bxe5
17.Ng5 f4 18.Qc4+ Kh8 19.Nf7+ Rxf7 20.Qxf7 c4 21.Bxc4 Bxe4 22.Bd5 Nf6 23.Bxe4 Nxe4
24.Qf5 Qd4 25.Bxf4 Bf6 26.Rad1 Qc4 27.Rfe1 Nxf2 28.Kxf2 Rf8 29.Kg1 Bd4+ 30.Kh1 Rxf5
31.Re8+  1-0

[Event "III Open"]
[Site "Calvia ESP"]
[Date "2006.10.26"]
[Round "7"]
[White "Vallejo Pons,F"]
[Black "Hamdouchi,H"]
[Result "1/2-1/2"]
[WhiteElo "2674"]
[BlackElo "2582"]

1.d4 d5 2.c4 c6 3.Nf3 Nf6 4.e3 e6 5.Nc3 Nbd7 6.Qc2 Bd6 7.b3 O-O 8.Be2 e5
9.cxd5 Nxd5 10.Nxd5 cxd5 11.dxe5 Nxe5 12.Bb2 Bb4+ 13.Kf1 Nxf3 14.Bxf3 Be6
15.Qd3 Be7 16.g3 Bf6 17.Bd4 Bxd4 18.Qxd4 Qd7 19.h4 a5 20.Kg2 a4 21.b4 a3
22.Rhd1 Rfd8 23.Rac1 h6 24.Rc3 Qe7 25.b5 Bf5 26.b6 Be4 27.Rc7 Bxf3+ 28.Kxf3 Qe8
29.Rxb7 Ra4 30.Re7 Qxe7 31.Qxa4 Qf6+ 32.Kg2 Qxb6 33.Qxa3 Qb7 34.Rd4 Ra8 35.Qb3 Qxb3
36.axb3 Ra3 37.b4 Rb3 38.h5 Kf8 39.Rg4 Rb2 40.Kf3 f6 41.Rd4 Ke7 42.g4 Ke6
43.e4 dxe4+ 44.Rxe4+ Kf7 45.Rc4 f5 46.gxf5 Kf6 47.Ke4 Kg5 48.f6 gxf6 49.Rc5+ Kh4
50.b5 Rxf2 51.b6 Rb2 52.Rc6 Kg5 53.Rc5+ Kg4 54.Rc6 f5+ 55.Ke5 Rb5+ 56.Kf6 f4
57.Kg7 f3 58.Rxh6 f2 59.Rf6 Kxh5 60.Rxf2 Rxb6  1/2-1/2

[Event "III Open"]
[Site "Calvia ESP"]
[Date "2006.10.26"]
[Round "7"]
[White "Fogel,P"]
[Black "Ruiz Vinals,M"]
[Result "1-0"]
[WhiteElo "2202"]
[BlackElo "2030"]

1.d4 d5 2.c4 e6 3.Nc3 c6 4.e3 Nf6 5.Nf3 Nbd7 6.Qc2 Bd6 7.b3 O-O 8.Be2 e5
9.cxd5 cxd5 10.Nb5 Bb4+ 11.Bd2 Bxd2+ 12.Qxd2 Ne4 13.Qb4 Qb6 14.Rc1 a6 15.Qa3 Qg6
16.O-O exd4 17.exd4 Ndf6 18.Ne5 Qg5 19.f4 Qh4 20.Nc7 Rb8 21.Qb4 Bf5 22.Qe1 Qxe1
23.Rfxe1 h5 24.g3 Rfd8 25.Kg2 Ng4 26.h3 Ngf2 27.g4 Bd7 28.f5 f6 29.Ng6 Kf7
30.Nf4 hxg4 31.hxg4 Rh8 32.Rf1 Rh4 33.Rxf2 Nxf2 34.Kxf2 Bxf5 35.Ng2 Bxg4
36.Nxh4 Rh8 37.Bxg4 Rxh4 38.Kg3  1-0

[Event "10th Essent Open"]
[Site "Hoogeveen NED"]
[Date "2006.10.26"]
[Round "7"]
[White "Peng Zhaoqin"]
[Black "Van de Oudeweetering,A"]
[Result "1-0"]
[WhiteElo "2437"]
[BlackElo "2364"]

1.d4 d5 2.c4 e6 3.Nf3 Nf6 4.Nc3 c6 5.e3 Nbd7 6.b3 b6 7.Bd3 Bb7 8.O-O Be7
9.Bb2 O-O 10.Qe2 Qc7 11.Rac1 Rad8 12.Rfd1 Qb8 13.a3 Rfe8 14.b4 dxc4 15.Bxc4 c5
16.b5 cxd4 17.Nxd4 Ne5 18.Ba2 Bc5 19.Na4 Bxd4 20.Rxd4 Rxd4 21.Bxd4 Neg4 22.f4 e5
23.fxe5 Nxe5 24.h3 Qd6 25.Nc3 Qxa3 26.Ra1 Qb4 27.Rf1 Qd6 28.Bb3 Re7 29.Qa2 h6
30.Rf5 Nfd7 31.Nd5 Bxd5 32.Bxd5 Nf6 33.Bb3 Qc7 34.Qa1 Ned7 35.Rf1 Re4 36.Qa2 Ne5
37.Qc2 Qb7 38.Rc1 Ned7 39.Qc6 Qb8 40.Qc7 Re8 41.Bxf6 Qxc7 42.Rxc7 Rxe3 43.Bc3  1-0

[Event "14th Chigorin Mem"]
[Site "St-Petersburg RUS"]
[Date "2006.10.26"]
[Round "5"]
[White "Maiorov,N"]
[Black "Deviatkin,A"]
[Result "1-0"]
[WhiteElo "2481"]
[BlackElo "2537"]

1.d4 d5 2.c4 c6 3.Nc3 Nf6 4.e3 e6 5.Nf3 Nbd7 6.Qc2 Bd6 7.b3 O-O 8.Be2 b6
9.O-O Bb7 10.Bb2 Qe7 11.Rac1 Rac8 12.Qb1 Rfe8 13.Rfd1 Red8 14.cxd5 exd5 15.Bf1 Re8
16.g3 Qe6 17.Bg2 h6 18.Nd2 c5 19.Nf3 a6 20.Rc2 c4 21.bxc4 Rxc4 22.Nd2 Rc7
23.a4 Rec8 24.Rcc1 Bb4 25.Qd3 Nb8 26.Na2 Rxc1 27.Bxc1 Be7 28.Ba3 a5 29.Bxe7 Qxe7
30.Qb3 Qe6 31.Rb1 Nbd7 32.Nc3 Qf5 33.Nb5 Qc2 34.Rd1 Ba6 35.Bf1 Bxb5 36.Bxb5 Nf8
37.Qxc2 Rxc2 38.Kf1 Ne6 39.Ke1 Kf8 40.Rb1 Ke7 41.Be2 Nd7 42.Bb5 Nf6 43.Bd3 Rc3
44.Ke2 Nd7 45.Nb3 Ng5 46.Nd2 Kd6 47.h4 Ne6 48.Nb3 Nf6 49.Kd2 Rc6 50.Nc1 g5
51.Ne2 Ke7 52.Nc3 gxh4 53.gxh4 Nc7 54.Rg1 Nce8 55.f3 Rd6 56.Nb5 Rc6 57.e4 Nh5
58.Nc3 dxe4 59.fxe4 Nf4 60.Bb5 Rf6 61.Rf1 Nc7 62.e5 Rf5 63.Bd3 Nxd3 64.Rxf5 Nb4
65.Rf6 Ne6 66.d5 Nd4 67.Ke3 Ndc2+ 68.Ke4 Na6 69.d6+ Ke8 70.Rxh6 Nc5+ 71.Kd5 Kd7
72.Nd1 Nb4+ 73.Kc4 Nc6 74.Rf6 Ke8 75.Rf5 Nxa4 76.h5 b5+ 77.Kxb5 Nd4+ 78.Kxa4 Nxf5
79.Nf2 f6 80.e6 Nxd6 81.h6 Kf8 82.Ne4 Ne8 83.Ng3 Kg8 84.Nf5 Nc7 85.e7 Kh7
86.Kxa5 Kg6 87.Ka4 Kh7 88.Kb3 Kg6 89.Kc4 Kh7 90.Kc5  1-0

[Event "14th Chigorin Mem"]
[Site "St-Petersburg RUS"]
[Date "2006.10.26"]
[Round "5"]
[White "Zarubin,P"]
[Black "Yevseev,D"]
[Result "1-0"]
[WhiteElo "2441"]
[BlackElo "2534"]

1.d4 d5 2.c4 e6 3.Nc3 c6 4.e3 Nf6 5.Nf3 Nbd7 6.Qc2 Bd6 7.Bd2 O-O 8.O-O-O b5
9.c5 Bc7 10.Bd3 a5 11.h3 b4 12.Na4 Ba6 13.Bxa6 Rxa6 14.Kb1 Ne4 15.Be1 Qf6
16.Nd2 Nxd2+ 17.Rxd2 e5 18.dxe5 Nxe5 19.b3 Raa8 20.Rd4 Nd7 21.f3 Be5 22.Rd3 Qe6
23.Bf2 Rae8 24.Rhd1 f5 25.Be1 Bf6 26.Bg3 g6 27.Bc7 Bg7 28.Bxa5 Qf6 29.Rd4 Rxe3
30.Bxb4 Rfe8 31.Bc3 Qe7 32.R4d3 Re2 33.R3d2 Re3 34.Bxg7 Qxg7 35.Qb2 Qe7 36.Qd4 Nf8
37.Nb2 Qa7 38.Nd3 R3e7 39.h4 Ne6 40.Qc3 Nc7 41.a4 Rb8 42.Rb2 Ra8 43.h5 g5
44.Qf6 Ne6 45.Qxf5 Rf8 46.Qg4 Nxc5 47.Nxc5 Qxc5 48.Qxg5+ Rg7 49.Qh6 Qb6 50.Qe6+ Kh8
51.Ka2  1-0

[Event "WYB12"]
[Site "Batumi GEO"]
[Date "2006.10.27"]
[Round "10"]
[White "Nyzhnyk,I"]
[Black "Aghasaryan,R"]
[Result "0-1"]
[WhiteElo "2193"]
[BlackElo "2132"]

1.d4 d5 2.c4 e6 3.Nc3 c6 4.e3 Nf6 5.Nf3 Nbd7 6.Qc2 Bd6 7.b3 b6 8.Be2 Bb7
9.O-O O-O 10.Rd1 Qe7 11.Bb2 Rac8 12.e4 dxe4 13.Nxe4 Nxe4 14.Qxe4 Nf6 15.Qh4 c5
16.dxc5 Bxc5 17.Ne5 Rfd8 18.Nd3 Bd6 19.Re1 Re8 20.Rad1 Rcd8 21.Bf1 Nd7 22.Qh5 Nf6
23.Qh3 Ne4 24.Be2 e5 25.Bf1 f6 26.Qe3 Nc5 27.Ba1 Rd7 28.Nb4 Ne6 29.Nd5 Bxd5
30.cxd5 Bc5 31.Qf3 Ng5 32.Qg3 Rd6 33.Bb5 Rf8 34.Kh1 Nf7 35.f4 a5 36.Qh3 Nh6
37.Qg3 f5 38.h3 Rg6 39.Bc4 Rxg3 40.d6+ Qf7  0-1

[Event "Bundesliga 2006-7"]
[Site "Baden Baden GER"]
[Date "2006.10.28"]
[Round "1"]
[White "Krasenkow,M"]
[Black "Hoffmann,Mi1"]
[Result "1/2-1/2"]
[WhiteElo "2636"]
[BlackElo "2462"]

1.d4 d5 2.Nf3 Nf6 3.c4 c6 4.Nc3 e6 5.e3 Nbd7 6.Qc2 Be7 7.g4 dxc4 8.Bxc4 b5
9.Bd3 Bb7 10.g5 Nd5 11.Nxd5 cxd5 12.h4 Rc8 13.Qe2 b4 14.Bd2 O-O 15.h5 a5
16.g6 fxg6 17.hxg6 h6 18.e4 dxe4 19.Bxe4 Bxe4 20.Qxe4 Qb6 21.Bxh6 gxh6 22.Qe3 Rxf3
23.Qxh6 Qxd4 24.Qh7+ Kf8 25.Qh8+ Qxh8 26.Rxh8+ Kg7 27.Rxc8 Nf8 28.Ke2 Rf5
29.Rc7 Nxg6 30.Rg1 Rf7 31.Kd3 Kf6 32.Ke4 Rh7 33.Rg4 Rh2 34.Rxg6+ Kxg6 35.Rxe7 Kf6
36.Re8 Kf7 37.Ra8 Rxf2 38.Rxa5 Rxb2 39.a3 bxa3 40.Rxa3 Kf6  1/2-1/2

[Event "GpB Tiebreak"]
[Site "Cap d'Agde FRA"]
[Date "2006.10.29"]
[Round "5"]
[White "Koneru,H"]
[Black "Karpov,Ana"]
[Result "1-0"]
[WhiteElo "2545"]
[BlackElo "2668"]

1.d4 Nf6 2.Nf3 e6 3.c4 d5 4.Nc3 c6 5.e3 Nbd7 6.Bd3 dxc4 7.Bxc4 b5 8.Bd3 Bb7
9.O-O a6 10.e4 c5 11.d5 Qc7 12.dxe6 fxe6 13.Bc2 c4 14.Ng5 Qc6 15.Qf3 h6 16.Qh3 Nc5
17.Be3 Bc8 18.e5 hxg5 19.Qxh8 Bb7 20.f3 Nfd7 21.Bxg5 Nxe5 22.Rad1 Nf7 23.Bg6 Nd3
24.Qh5 Ne5 25.Be4 Qc5+ 26.Kh1 g6 27.Qh4 Bc6 28.Bxc6+ Qxc6 29.Ne4 Bg7 30.Bf6 Kf8
31.Bxg7+ Kxg7 32.Qf6+ Kg8 33.Rd4 Rf8 34.Rfd1 Kh7 35.Ng5+ Kg8 36.Nxe6  1-0

[Event "3rd Rapid Open"]
[Site "Ajaccio FRA"]
[Date "2006.10.30"]
[Round "5"]
[White "Kasimdzhanov,R"]
[Black "Sedlak,N"]
[Result "1/2-1/2"]
[WhiteElo "2672"]
[BlackElo "2549"]

1.d4 d5 2.c4 c6 3.Nc3 Nf6 4.e3 e6 5.Nf3 Nbd7 6.Bd3 dxc4 7.Bxc4 b5 8.Bd3 Bd6
9.O-O O-O 10.a3 Bb7 11.Qc2 Rc8 12.e4 e5 13.Ne2 a6 14.dxe5 Nxe5 15.Nxe5 Bxe5
16.f4 c5 17.fxe5 c4 18.exf6 cxd3 19.Qd2 dxe2 20.Qxe2 Qd4+ 21.Qe3 Qxe4 22.Qxe4 Bxe4
23.fxg7 Kxg7 24.Bd2 f5 25.Bc3+ Kg6 26.Rae1 h5 27.Re3 Rg8 28.Rd1 Kf7 29.g3 Rcd8
30.Ree1 Ke6 31.Kf2 Rxd1 32.Rxd1 h4 33.Bb4 hxg3+ 34.hxg3 Ke5 35.Rd7 Rg6 36.Bc3+ Ke6
37.Rd8 Ke7 38.Rh8 Kd7 39.Rh7+ Kc6 40.Rg7 Kd5 41.Ke1  1/2-1/2

[Event "3rd Rapid KO"]
[Site "Ajaccio FRA"]
[Date "2006.10.31"]
[Round "1.4"]
[White "Drozdovskij,Y"]
[Black "Sedlak,N"]
[Result "1-0"]
[WhiteElo "2561"]
[BlackElo "2549"]

1.d4 d5 2.c4 c6 3.e3 Nf6 4.Nc3 e6 5.Nf3 Nbd7 6.Qc2 Bd6 7.Bd3 O-O 8.O-O dxc4
9.Bxc4 b5 10.Be2 Bb7 11.Rd1 Qb8 12.e4 e5 13.g3 Re8 14.a3 a6 15.dxe5 Nxe5
16.Nd4 Ng6 17.Bf3 c5 18.Nf5 Be5 19.Nd5 Nxd5 20.exd5 c4 21.Bg2 Ne7 22.d6 Nxf5
23.d7 Rd8 24.Qxf5 Bxg2 25.Kxg2 Bf6 26.Rb1 Ra7 27.Be3 Rc7 28.Rd6 Qb7+ 29.Kg1 Rcxd7
30.Rxd7 Qxd7 31.Qc2 Qd3 32.Qc1 h5 33.h4 a5 34.Qe1 b4 35.axb4 axb4 36.Bb6 Rd6
37.Bc5 Re6 38.Qc1 b3 39.Be3 Ra6 40.Qe1 Rd6 41.Kh2 Qc2 42.Rc1 Qxb2 43.Rxc4 Kh7
44.Qa5 Qe5 45.Rc5 Qe4 46.Rxh5+ Kg8 47.Rb5 Rd1 48.Rb8+ Bd8 49.Rxd8+ Rxd8 50.Qxd8+ Kh7
51.Qb6 Qc2 52.Bd4 f6 53.Qb4 Qe4 54.Qc3 Kg6 55.Be3 Qd5 56.Bc1 Kh7 57.Bb2 Kg6
58.Qd4 Qf3 59.Qe3 Qd5 60.Qf4 Qd3 61.Qg4+ Kh7 62.h5 Qc2 63.Qg6+ Qxg6 64.hxg6+ Kxg6  1-0

[Event "NWAPA Rector Cup"]
[Site "St Petersburg RUS"]
[Date "2006.10.31"]
[Round "2"]
[White "Lutsko,I"]
[Black "Kim,Alex"]
[Result "1/2-1/2"]
[WhiteElo "2489"]
[BlackElo "2428"]

1.d4 d5 2.c4 c6 3.Nf3 Nf6 4.Nc3 e6 5.e3 Nbd7 6.Qc2 Bd6 7.g4 dxc4 8.g5 Nd5
9.Bxc4 e5 10.Bd2 exd4 11.Qe4+ Ne7 12.Qxd4 Nf5 13.Qe4+ Ne7 14.Qd4  1/2-1/2

[Event "Petersburg Autumn"]
[Site "St Petersburg RUS"]
[Date "2006.11.01"]
[Round "2"]
[White "Kryschilovskij,A"]
[Black "Nezbailo,D"]
[Result "1-0"]
[WhiteElo "2339"]
[BlackElo "2039"]

1.d4 d5 2.c4 c6 3.Nf3 Nf6 4.Nc3 e6 5.e3 Bb4 6.Bd3 Qe7 7.O-O O-O 8.Qc2 Nbd7
9.e4 Bxc3 10.bxc3 dxe4 11.Bxe4 Nxe4 12.Qxe4 Re8 13.Re1 Nf8 14.Bf4 Ng6 15.Bg3 b6
16.h4 Bb7 17.h5 Nf8 18.h6 f5 19.Qe3 gxh6 20.c5 Ng6 21.Ne5 Nxe5 22.Bxe5 Qg5
23.Bf4 Qg6 24.Qh3 Kf7 25.Re3 Rg8 26.Rg3 Qf6 27.Qh5+ Ke7 28.Be5 Qg6 29.Rxg6 Rxg6
30.Rb1 b5 31.Re1 Rag8 32.g3 Kd7 33.Qe2 Rd8 34.Bf4 Ke7 35.Qe5 Rf6 36.Qc7+ Rd7
37.Bd6+ Ke8 38.Qb8+ Kf7 39.Qf8+ Kg6 40.Qe8+ Rdf7 41.Rxe6 Rxe6 42.Qxe6+ Kg7
43.Be5+ Kg8 44.Qe8+ Rf8 45.Qe7 Rf7 46.Qd8+ Rf8 47.Qc7 Rf7 48.Qb8+ Rf8 49.Qxb7  1-0

[Event "Open A"]
[Site "Le Touquet FRA"]
[Date "2006.11.02"]
[Round "8"]
[White "Maes,T"]
[Black "Marville,G"]
[Result "1/2-1/2"]
[WhiteElo "2204"]
[BlackElo "1973"]

1.d4 d5 2.c4 e6 3.Nc3 c6 4.Nf3 Nf6 5.e3 Nbd7 6.Qc2 Bd6 7.b3 O-O 8.h3 dxc4
9.Bxc4 e5 10.O-O h6 11.Bb2 exd4 12.exd4 Nb6 13.Rad1 Nbd5 14.Bxd5 Nxd5 15.Nxd5 cxd5
16.Ne5 Qf6 17.Qd2 Be6 18.f4 Bf5 19.Qa5 Be4 20.Ba3 Bxa3 21.Qxa3 Rfc8 22.Rc1 Rxc1
23.Qxc1 Qd8 24.Rf2  1/2-1/2

[Event "TCh-AUT 2006-7"]
[Site "Graz AUT"]
[Date "2006.11.03"]
[Round "1"]
[White "Schneider Zinner,H"]
[Black "Dietmayer Kraeutler,M"]
[Result "0-1"]
[WhiteElo "2361"]
[BlackElo "2287"]

1.d4 d5 2.Nf3 Nf6 3.c4 c6 4.Nc3 e6 5.e3 Nbd7 6.Bd3 dxc4 7.Bxc4 b5 8.Bd3 Bb7
9.e4 b4 10.Na4 c5 11.e5 Nd5 12.O-O a6 13.Bg5 Qa5 14.Re1 cxd4 15.Nxd4 g6 16.a3 Bg7
17.axb4 Qxb4 18.Re4 Qa5 19.Nb3 Qc7 20.Rc1 Qb8 21.Nbc5 Nxe5 22.Nxb7 Qxb7 23.Nc5 Qxb2
24.Qa4+ Kf8 25.Nd7+ Kg8 26.Nxe5 Bxe5 27.Rce1 Bg7 28.Qc6 Rf8 29.Bc4 Bd4 30.R4e2 Qb6
31.Bxd5 exd5 32.Qxd5 h6 33.Be7 Re8 34.Bf6 Bxf2+ 35.Kf1 Qxf6 36.Rxe8+ Kg7
37.R1e6 Qf4 38.Rxh8 Bh4+ 39.Qf3 Qc1+ 40.Ke2 Qc2+ 41.Ke3 Qb3+ 42.Kd4 Bf2+
43.Qxf2 Qxe6 44.Qh4 g5 45.Qxh6+ Qxh6 46.Rxh6 Kxh6 47.Kc5 f5 48.Kb6 f4 49.h3 Kh5  0-1

[Event "10th OIBM"]
[Site "Bad Wiessee GER"]
[Date "2006.11.04"]
[Round "1"]
[White "Beckers,T"]
[Black "Shabalov,A"]
[Result "0-1"]
[WhiteElo "2054"]
[BlackElo "2575"]

1.d4 d5 2.Nf3 Nf6 3.c4 c6 4.Nc3 e6 5.e3 Nbd7 6.Bd3 dxc4 7.Bxc4 b5 8.Bd3 Bb7
9.e4 b4 10.Na4 c5 11.e5 Nd5 12.Nxc5 Nxc5 13.dxc5 Bxc5 14.Qa4+ Kf8 15.Qb5 Qb6
16.Qxb6 axb6 17.Ke2 h6 18.Be3 Nxe3 19.fxe3 Bd5 20.Rhc1 Ke7 21.a3 bxa3 22.bxa3 Ra4
23.Bb5 Rg4 24.g3 h5 25.Nd4 Re4 26.Rxc5 bxc5 27.Nc6+ Bxc6 28.Bxc6 Rxe5 29.a4 Rc8
30.Bf3 c4 31.a5 Rcc5 32.a6 Ra5 33.Rxa5 Rxa5 34.Bb7 Ra2+ 35.Kd1 Kd6 36.Kc1 Kc5
37.Kb1 Ra3 38.Kb2 Kb4 39.h4 c3+ 40.Kc2 Ra2+  0-1

[Event "10th OIBM"]
[Site "Bad Wiessee GER"]
[Date "2006.11.04"]
[Round "1"]
[White "Gonzales,Jay"]
[Black "Mantzouneas,N"]
[Result "1-0"]
[WhiteElo "2418"]
[BlackElo "2016"]

1.Nf3 d5 2.d4 Nf6 3.c4 c6 4.e3 e6 5.Nc3 Be7 6.Qc2 Nbd7 7.g4 h6 8.Bd2 Qc7
9.h3 a6 10.cxd5 exd5 11.Rg1 Qb8 12.Be2 b5 13.h4 b4 14.Na4 Bb7 15.Nc5 Nxc5
16.dxc5 a5 17.Nd4 Ne4 18.Nf5 Bf8 19.h5 Ba6 20.Bxa6 Rxa6 21.f3 Ng5 22.Rf1 Qb5
23.e4 Ne6 24.Be3 a4 25.Kf2 Rg8 26.Rad1 Bxc5 27.exd5 Bxe3+ 28.Nxe3 Nd8 29.Qe4+ Kf8
30.dxc6 Nxc6 31.Rg1 g6 32.Rd6  1-0

[Event "TCh-AUT 2006-7"]
[Site "Graz AUT"]
[Date "2006.11.04"]
[Round "2"]
[White "Gustafsson,J"]
[Black "Bischoff,K"]
[Result "1/2-1/2"]
[WhiteElo "2584"]
[BlackElo "2533"]

1.d4 Nf6 2.c4 e6 3.Nc3 d5 4.Nf3 c6 5.e3 Nbd7 6.Bd3 b6 7.O-O Bb7 8.b3 Rc8
9.Bb2 Be7 10.Qe2 O-O 11.Rad1 Qc7 12.Rfe1 g6 13.e4 dxe4 14.Nxe4 Nxe4 15.Bxe4 Bf6
16.b4 Bg7 17.d5 cxd5 18.cxd5 exd5 19.Bxd5  1/2-1/2

[Event "TCh-AUT 2006-7"]
[Site "Graz AUT"]
[Date "2006.11.04"]
[Round "2"]
[White "Ftacnik,L"]
[Black "Korneev,O"]
[Result "1/2-1/2"]
[WhiteElo "2580"]
[BlackElo "2657"]

1.d4 d5 2.c4 c6 3.Nc3 Nf6 4.Nf3 e6 5.e3 Nbd7 6.Qc2 Bd6 7.Bd3 O-O 8.O-O dxc4
9.Bxc4 a6 10.Rd1 b5 11.Be2 Qc7 12.Bd2 Bb7 13.b4 e5 14.Rac1 Rfe8 15.Ra1 Rf8  1/2-1/2

[Event "TCh-ESP Final"]
[Site "Lugo ESP"]
[Date "2006.11.04"]
[Round "2"]
[White "Sargissian,G"]
[Black "Timofeev,Arty"]
[Result "1/2-1/2"]
[WhiteElo "2667"]
[BlackElo "2662"]

1.d4 d5 2.c4 e6 3.Nc3 c6 4.e3 Nf6 5.Nf3 Nbd7 6.Qc2 b6 7.Bd3 Bb7 8.O-O Be7
9.b3 Qc7 10.Bb2 Rd8 11.cxd5 cxd5 12.a3 Rc8 13.b4 a6 14.Rfc1 Qb8 15.Qe2 b5
16.Nd2 Nb6 17.Nb3 Nc4 18.Nc5 O-O 19.a4 Bxc5 20.dxc5 Bc6 21.axb5 axb5 22.Ra6 Qb7
23.Rca1 Ra8 24.Rxa8 Rxa8 25.Rxa8+ Qxa8 26.Bxc4 dxc4 27.f3 Nd5 28.Nxd5 Bxd5
29.Qd2 f6 30.e4 Bc6 31.g4 e5 32.Kf2  1/2-1/2

[Event "10th Corsica Masters KO"]
[Site "Bastia FRA"]
[Date "2006.11.05"]
[Round "2.1"]
[White "Gagunashvili,M"]
[Black "Kazhgaleyev,M"]
[Result "0-1"]
[WhiteElo "2611"]
[BlackElo "2609"]

1.d4 d5 2.c4 c6 3.Nf3 Nf6 4.Nc3 e6 5.e3 a6 6.Bd3 dxc4 7.Bxc4 b5 8.Bd3 c5
9.a4 b4 10.Ne4 Nbd7 11.dxc5 Nxc5 12.Nxc5 Bxc5 13.O-O Bb7 14.Qe2 O-O 15.Rd1 Qe7
16.a5 Rfd8 17.Bd2 e5 18.e4 h6 19.Nh4 Rxd3 20.Qxd3 Nxe4 21.Nf5 Qf6 22.Be3 Bxe3
23.Nxe3 Nxf2 24.Qd7 Nxd1 25.Rxd1 Bc6 26.Qc7 Bb5 27.Ng4 Qe6 28.Nxe5 Rc8 29.Rd8+ Rxd8
30.Qxd8+ Kh7 31.Qd4 f6 32.Nf3 Qe2 33.h3 b3 34.Kh2 Bc6 35.Nh4 Be4 36.Qc3 Qf2
37.Qg3 Qxg3+ 38.Kxg3 g5 39.Nf3 Bxf3 40.Kxf3 f5 41.Ke3 Kg6 42.Kd4 h5 43.g3 Kf6
44.Kd5 g4 45.h4 f4 46.Kd4  0-1

[Event "10th Corsica Masters KO"]
[Site "Bastia FRA"]
[Date "2006.11.05"]
[Round "3.2"]
[White "Kazhgaleyev,M"]
[Black "Anand,V"]
[Result "0-1"]
[WhiteElo "2609"]
[BlackElo "2779"]

1.d4 d5 2.c4 c6 3.Nc3 Nf6 4.e3 e6 5.Nf3 Nbd7 6.Bd3 dxc4 7.Bxc4 b5 8.Bb3 Bb7
9.e4 b4 10.e5 bxc3 11.exf6 Nxf6 12.bxc3 Be7 13.O-O O-O 14.Qe2 c5 15.dxc5 Qc7
16.Ne5 Bxc5 17.Bf4 Bd6 18.Rfd1 Nd5 19.Bxd5 exd5 20.Rab1 Rae8 21.Qe3 Ba8 22.Re1 f6  0-1